[Event "NOR-chT Clubs"]
[Site "Drammen"]
[Date "2022.05.26"]
[Round "5"]
[White "Elmi, Saad Abobaker"]
[Black "Andreassen, Pal M"]
[Result "0-1"]
[WhiteElo "2155"]
[BlackElo "2067"]
[PlyCount "68"]
[EventDate "2022.05.26"]
[EventType "team-swiss"]
[EventRounds "6"]
[EventCountry "NOR"]
[SourceTitle "EXT 2024"]
[Source "ChessBase"]
[SourceDate "2023.10.10"]
[SourceVersion "1"]
[SourceVersionDate "2023.10.10"]
[SourceQuality "1"]
[WhiteTeam "Baerum"]
[BlackTeam "SOSS"]
[WhiteTeamCountry "NOR"]
[BlackTeamCountry "NOR"]

1. e4 c5 2. Nf3 g6 3. d4 cxd4 4. Nxd4 Bg7 5. Nc3 Nc6 6. Be3 Nf6 7. Bc4 0-0 8. Bb3 d6 9. h3 Bd7 10. 0-0 Na5 11. Re1 a6 12. Qd2 Rc8 13. Rad1 Nc4 14. Bxc4 Rxc4 15. Nd5 b5 16. b3 Rc8 17. Bg5 Nxd5 18. exd5 Re8 19. Re4 Rc5 20. c4 bxc4 21. bxc4 f5 22. Ne6 Bxe6 23. Rxe6 Rxc4 24. Qe2 Qc7 25. Re1 Be5 26. f4 Qc5+ 27. Kh1 Re4 28. Qxe4 fxe4 29. fxe5 Qxd5 30. Rxe7 Rxe7 31. Bxe7 Qxe5 32. Bd8 d5 33. Rc1 d4 34. Rc8 Kf7 0-1

[Event "NOR-chT 1415"]
[Site "Norway"]
[Date "2014.11.02"]
[Round "3"]
[White "Andreassen, Pal M"]
[Black "Christiansen, Johan Sebastian"]
[Result "0-1"]
[WhiteElo "2101"]
[BlackElo "2354"]
[PlyCount "76"]
[EventDate "2014.10.31"]
[EventType "team-tourn"]
[EventRounds "11"]
[EventCountry "NOR"]
[SourceTitle "EXT 2016"]
[Source "ChessBase"]
[SourceDate "2015.10.08"]
[SourceVersion "1"]
[SourceVersionDate "2015.10.08"]
[SourceQuality "1"]
[WhiteTeam "SOSS"]
[BlackTeam "Valerenga"]
[WhiteTeamCountry "NOR"]
[BlackTeamCountry "NOR"]

1. d4 Nf6 2. Nf3 d5 3. g3 Bg4 4. Bg2 Nbd7 5. 0-0 c6 6. c4 e6 7. Qb3 Qc8 8. Nc3 Bd6 9. Nd2 0-0 10. e4 dxe4 11. Ndxe4 Nxe4 12. Nxe4 Bc7 13. f4 Rd8 14. Be3 Nf8 15. Rac1 Bh5 16. Nc5 Rb8 17. Nd3 Bb6 18. c5 Bc7 19. Ne5 Nd7 20. h3 Nf6 21. g4 Bg6 22. Bf2 Be4 23. Bxe4 Nxe4 24. Qe3 Nxf2 25. Rxf2 Bxe5 26. dxe5 Qd7 27. f5 Qd3 28. Rc3 Qb1+ 29. Kh2 Rd1 30. Rd2 Rh1+ 31. Kg3 exf5 32. Rcd3 h6 33. gxf5 Qf1 34. Kh4 Qxf5 35. Rd8+ Rxd8 36. Rxd8+ Kh7 37. Qd3 Rxh3+ 38. Qxh3 Qg5# 0-1

[Event "NOR-chT 1314"]
[Site "Norway"]
[Date "2014.03.21"]
[Round "7.5"]
[White "Gudbrandsen, Gustav"]
[Black "Andreassen, Pal M"]
[Result "1-0"]
[WhiteElo "2232"]
[BlackElo "2111"]
[PlyCount "65"]
[EventDate "2013.11.01"]
[EventType "team-tourn"]
[EventRounds "9"]
[EventCountry "NOR"]
[SourceTitle "EXT 2015"]
[Source "ChessBase"]
[SourceDate "2014.11.20"]
[SourceVersion "1"]
[SourceVersionDate "2014.11.20"]
[SourceQuality "1"]
[WhiteTeam "Akademisk"]
[BlackTeam "SOSS"]
[WhiteTeamCountry "NOR"]
[BlackTeamCountry "NOR"]

1. e4 Nf6 2. Nc3 d5 3. exd5 Nxd5 4. Nf3 Nxc3 5. bxc3 g6 6. Bc4 Bg7 7. h4 h5 8. d4 0-0 9. Bg5 c5 10. Qe2 cxd4 11. Bxe7 d3 12. cxd3 Bxc3+ 13. Kf1 Qd7 14. Rc1 Re8 15. Rxc3 Rxe7 16. Qd2 Nc6 17. Qh6 Qg4 18. Rh3 Be6 19. Rg3 Qf5 20. Ng5 Qf6 21. Nxf7 Kxf7 22. Rf3 Qxf3 23. Bxe6+ Rxe6 24. Qh7+ Kf6 25. gxf3 Re7 26. Qh6 Rae8 27. Rc4 Re6 28. d4 Re1+ 29. Kg2 Rd1 30. d5 Ne5 31. Qf4+ Kg7 32. Rc7+ Kg8 33. Qf6 1-0

[Event "EU-Cup 28th"]
[Site "Eilat"]
[Date "2012.10.11"]
[Round "1.5"]
[White "Andreassen, Pal M"]
[Black "Beukema, Stefan"]
[Result "0-1"]
[WhiteElo "2133"]
[BlackElo "2271"]
[PlyCount "66"]
[EventDate "2012.10.11"]
[EventType "team-swiss"]
[EventRounds "7"]
[EventCountry "ISR"]
[SourceTitle "CBM 151"]
[Source "ChessBase"]
[SourceDate "2012.11.13"]
[SourceVersion "1"]
[SourceVersionDate "2012.11.13"]
[SourceQuality "1"]
[WhiteTeam "SOSS"]
[BlackTeam "De Stukkenjagers"]
[WhiteTeamCountry "NOR"]
[BlackTeamCountry "NED"]

1. e4 e5 2. Nc3 Nf6 3. g3 d5 4. exd5 Nxd5 5. Bg2 Be6 6. Nf3 Nc6 7. Qe2 Bd6 8. 0-0 0-0 9. Ne4 Bg4 10. c3 Qd7 11. Re1 Kh8 12. Nxd6 cxd6 13. d3 Rae8 14. Qf1 f5 15. Ng5 Nc7 16. f3 Bh5 17. f4 h6 18. Nf3 e4 19. dxe4 fxe4 20. Nd2 d5 21. Nb3 Ne5 22. Be3 b6 23. a4 Nd3 24. Reb1 g5 25. Nc1 gxf4 26. Bd4+ Kh7 27. Nxd3 fxg3 28. Nf4 gxh2+ 29. Kxh2 Qd6 30. Be3 Ne6 31. Kg3 Nxf4 32. Bxf4 Rxf4 33. Qxf4 Rg8+ 0-1

[Event "NOR-chT 1112"]
[Site "Norway"]
[Date "2012.03.23"]
[Round "7"]
[White "Guttulsrud, Odd Martin"]
[Black "Andreassen, Pal M"]
[Result "1-0"]
[WhiteElo "2177"]
[BlackElo "2127"]
[PlyCount "167"]
[EventDate "2011.11.04"]
[EventType "team-tourn"]
[EventRounds "9"]
[EventCountry "NOR"]
[SourceTitle "EXT 2013"]
[Source "ChessBase"]
[SourceDate "2012.11.22"]
[SourceVersion "1"]
[SourceVersionDate "2012.11.22"]
[SourceQuality "1"]
[WhiteTeam "Oslo SK 1911"]
[BlackTeam "SOSS"]
[WhiteTeamCountry "NOR"]
[BlackTeamCountry "NOR"]

1. e4 Nf6 2. e5 Nd5 3. c4 Nb6 4. d4 d6 5. exd6 exd6 6. Nc3 Nc6 7. b3 Be7 8. Be2 Bf6 9. Be3 Bf5 10. Rc1 0-0 11. Nf3 a5 12. 0-0 Re8 13. d5 Nb4 14. Nd4 Bg6 15. Qd2 Nd7 16. a3 Na6 17. Ncb5 Nac5 18. b4 Ne4 19. Qd1 axb4 20. axb4 Nb6 21. Qb3 Qd7 22. f3 c6 23. fxe4 cxb5 24. Nxb5 Na4 25. Bf4 Rxe4 26. Bd3 Rxf4 27. Rxf4 Bg5 28. Rff1 Be3+ 29. Kh1 Bxc1 30. Rxc1 Bxd3 31. Qxd3 Rc8 32. h3 g6 33. Qd4 Qe7 34. Ra1 Ra8 35. Qf4 Ra6 36. Nxd6 Rxd6 37. Rxa4 Rf6 38. Qb8+ Kg7 39. Kh2 Rd6 40. Ra3 h5 41. Qa7 Qe5+ 42. Kh1 Qe1+ 43. Qg1 Qe4 44. Qa1+ f6 45. Qc3 b5 46. c5 Rxd5 47. Ra7+ Kh6 48. Qxf6 Qxb4 49. Qg7+ Kg5 50. Qe7+ Kh6 51. Qe3+ Rg5 52. c6 Qc5 53. Qxc5 Rxc5 54. c7 b4 55. Rb7 Kg5 56. Rb5 Rxb5 57. c8Q Rf5 58. Qc1+ Kf6 59. Qb2+ Kf7 60. Qxb4 g5 61. Qc4+ Kg6 62. g4 hxg4 63. hxg4 Rf4 64. Qe6+ Kg7 65. Kg2 Rf6 66. Qe7+ Kg6 67. Kg3 Rf4 68. Qe8+ Kf6 69. Qh5 Rb4 70. Qh6+ Kf7 71. Qxg5 Rb3+ 72. Kh4 Rb6 73. Qd5+ Re6 74. g5 Ke7 75. Kh5 Re2 76. Qc5+ Kd8 77. Qd4+ Ke7 78. Qb4+ Kd8 79. Qf4 Re1 80. Qd2+ Ke7 81. Qxe1+ Kf7 82. Qa5 Kg7 83. Qa7+ Kg8 84. Kg6 1-0

[Event "NOR-chT 1112"]
[Site "Norway"]
[Date "2011.11.04"]
[Round "6"]
[White "Andreassen, Pal M"]
[Black "Holm, Kristian Stuvik"]
[Result "1/2-1/2"]
[WhiteElo "2127"]
[BlackElo "2272"]
[PlyCount "61"]
[EventDate "2011.11.04"]
[EventType "team-tourn"]
[EventRounds "9"]
[EventCountry "NOR"]
[SourceTitle "EXT 2013"]
[Source "ChessBase"]
[SourceDate "2012.11.22"]
[SourceVersion "1"]
[SourceVersionDate "2012.11.22"]
[SourceQuality "1"]
[WhiteTeam "SOSS"]
[BlackTeam "Kristiansund"]
[WhiteTeamCountry "NOR"]
[BlackTeamCountry "NOR"]

1. e4 c5 2. Nc3 g6 3. g3 Bg7 4. Bg2 Nc6 5. f4 d6 6. Nf3 e6 7. 0-0 Nge7 8. d3 Rb8 9. a4 a6 10. Be3 Nd4 11. Rb1 0-0 12. Ne2 Nec6 13. c3 Nxe2+ 14. Qxe2 Qa5 15. Qc2 Rd8 16. b4 Qc7 17. bxc5 dxc5 18. Bxc5 b6 19. Be3 a5 20. Rfc1 Ba6 21. d4 Bf8 22. Bf1 Bxf1 23. Rxf1 Rbc8 24. Qb3 Nb8 25. Rfc1 Nd7 26. Nd2 Be7 27. c4 Bb4 28. e5 Qb7 29. Qc2 Rc7 30. Ne4 Qc6 31. Qd3 1/2-1/2

[Event "NOR-chT 0910"]
[Site "Norway"]
[Date "2010.04.10"]
[Round "8"]
[White "Kirkebo, Carl Peter"]
[Black "Andreassen, Pal M"]
[Result "1-0"]
[WhiteElo "2161"]
[BlackElo "2100"]
[PlyCount "70"]
[EventDate "2009.11.06"]
[EventType "team"]
[EventRounds "9"]
[EventCountry "NOR"]
[SourceTitle "EXT 2011"]
[Source "ChessBase"]
[SourceDate "2010.11.26"]
[SourceVersion "1"]
[SourceVersionDate "2010.11.26"]
[SourceQuality "1"]
[WhiteTeam "Oslo Vest"]
[BlackTeam "SOSS"]
[WhiteTeamCountry "NOR"]
[BlackTeamCountry "NOR"]

1. e4 c5 2. Nc3 e6 3. Nge2 Nc6 4. d4 cxd4 5. Nxd4 Nf6 6. Ndb5 d6 7. Bf4 e5 8. Bg5 a6 9. Na3 Be7 10. Bxf6 gxf6 11. Nc4 f5 12. Qh5 b5 13. Ne3 f4 14. Nf5 Bxf5 15. exf5 Nd4 16. Bd3 Rc8 17. 0-0 d5 18. Rfe1 Bf6 19. Qh6 Rg8 20. Qxf4 e4 21. f3 b4 22. fxe4 bxc3 23. bxc3 Rxc3 24. e5 Be7 25. Kh1 Nc6 26. f6 Bb4 27. e6 Rxd3 28. cxd3 Bxe1 29. Rxe1 Rg6 30. e7 Qb8 31. Qf5 Qc7 32. Rc1 d4 33. Qf3 Rh6 34. h3 Kd7 35. Qd5+ Ke8 1-0

[Event "NOR-chT 0910"]
[Site "Norway"]
[Date "2010.01.10"]
[Round "6"]
[White "Guttulsrud, Odd Martin"]
[Black "Andreassen, Pal M"]
[Result "1/2-1/2"]
[WhiteElo "2055"]
[BlackElo "2100"]
[PlyCount "73"]
[EventDate "2009.11.06"]
[EventType "team"]
[EventRounds "9"]
[EventCountry "NOR"]
[SourceTitle "EXT 2011"]
[Source "ChessBase"]
[SourceDate "2010.11.26"]
[SourceVersion "1"]
[SourceVersionDate "2010.11.26"]
[SourceQuality "1"]
[WhiteTeam "Oslo SK 1911"]
[BlackTeam "SOSS"]
[WhiteTeamCountry "NOR"]
[BlackTeamCountry "NOR"]

1. e4 c5 2. Nf3 d6 3. d4 cxd4 4. Nxd4 Nf6 5. Nc3 g6 6. Be3 Bg7 7. f3 0-0 8. Qd2 Nc6 9. Bc4 Bd7 10. 0-0-0 Rb8 11. Bb3 Na5 12. Bh6 Bxh6 13. Qxh6 b5 14. Nd5 e5 15. Nf5 Bxf5 16. exf5 Nxb3+ 17. axb3 Nxd5 18. Rxd5 Qe7 19. Re1 Qf6 20. Re4 Rb6 21. Rh4 Qg7 22. f6 Qxh6+ 23. Rxh6 Re8 24. g4 e4 25. fxe4 Rxe4 26. Rd3 d5 27. g5 Re5 28. Rdh3 Rxg5 29. Rxh7 Rh5 30. R3xh5 gxh5 31. Rh6 Re6 32. Kd2 Re5 33. Kd3 Rf5 34. Ke3 a5 35. c3 a4 36. bxa4 bxa4 37. h3 1/2-1/2

[Event "Kragero op"]
[Site "Kragero"]
[Date "2009.08.26"]
[Round "3"]
[White "Andreassen, Pal M"]
[Black "Byklum, Bjornar"]
[Result "0-1"]
[WhiteElo "2110"]
[BlackElo "2317"]
[PlyCount "54"]
[EventDate "2009.08.26"]
[EventType "swiss"]
[EventRounds "5"]
[EventCountry "NOR"]
[SourceTitle "EXT 2012"]
[Source "ChessBase"]
[SourceDate "2011.11.24"]
[SourceVersion "1"]
[SourceVersionDate "2011.11.24"]
[SourceQuality "1"]

1. e4 c5 2. Nc3 Nc6 3. g3 g6 4. Bg2 Bg7 5. Nge2 Rb8 6. a4 a6 7. 0-0 b5 8. axb5 axb5 9. d3 d6 10. h3 e6 11. Be3 Nd4 12. f4 Ne7 13. g4 b4 14. Bxd4 cxd4 15. Nb1 0-0 16. Nd2 f5 17. gxf5 exf5 18. Kh2 Bb7 19. Qe1 Qc7 20. Nc4 fxe4 21. Ra7 Nc6 22. Rxb7 Rxb7 23. Bxe4 Rb5 24. Bxc6 Qxc6 25. Ng3 d5 26. Ne5 Qxc2+ 27. Rf2 Qc7 0-1

[Event "NOR-chT Ishav 0708"]
[Site "Oslo"]
[Date "2008.03.28"]
[Round "7.6"]
[White "Andreassen, Pal M"]
[Black "Hall, Torstein"]
[Result "1-0"]
[WhiteElo "1988"]
[BlackElo "1785"]
[PlyCount "69"]
[EventDate "2007.11.09"]
[EventType "team-swiss"]
[EventRounds "9"]
[EventCountry "NOR"]
[SourceTitle "EXT 2010"]
[Source "ChessBase"]
[SourceDate "2010.11.25"]
[SourceVersion "1"]
[SourceVersionDate "2010.11.25"]
[SourceQuality "1"]

1. c4 Nf6 2. Nc3 d5 3. cxd5 Nxd5 4. g3 Nxc3 5. bxc3 g6 6. Bg2 Bg7 7. Nf3 0-0 8. 0-0 h6 9. d4 c5 10. Bf4 Nd7 11. Qd2 Kh7 12. Rfd1 Qa5 13. Rac1 cxd4 14. cxd4 Qxd2 15. Rxd2 g5 16. Bc7 Nf6 17. Ne5 Ne8 18. e3 Nd6 19. Rb2 Be6 20. Bxd6 exd6 21. Nc4 Rac8 22. Rbc2 d5 23. Nd6 Rxc2 24. Rxc2 Rd8 25. Nxb7 Rb8 26. Rc7 Bf8 27. h3 Kg8 28. Kh2 a5 29. a4 Bb4 30. Bf3 Be1 31. Kg2 Kg7 32. Bg4 Kf6 33. Nc5 Rb6 34. Bxe6 fxe6 35. Nd7+ 1-0

[Event "NOR-chT2"]
[Site "Oslo"]
[Date "2006.06.10"]
[Round "4"]
[White "Kovachev, Daniel Jakobsen"]
[Black "Andreassen, Pal M"]
[Result "1-0"]
[WhiteElo "2092"]
[BlackElo "2108"]
[PlyCount "57"]
[EventDate "2006.06.07"]
[EventType "team"]
[EventRounds "5"]
[EventCountry "NOR"]
[SourceTitle "CBM 112 Extra"]
[Source "ChessBase"]
[SourceDate "2006.07.14"]
[SourceVersion "1"]
[SourceVersionDate "2006.07.14"]
[SourceQuality "1"]

1. e4 c5 2. a3 g6 3. b4 Bg7 4. Nc3 b6 5. Rb1 Nc6 6. Nf3 e6 7. d4 cxd4 8. Nb5 a6 9. Nbxd4 Nf6 10. Nxc6 dxc6 11. Qxd8+ Kxd8 12. Ne5 Ke8 13. Bd3 Nd7 14. Nxc6 Bb7 15. b5 axb5 16. Nb4 Bc3+ 17. Ke2 f5 18. exf5 gxf5 19. Bxb5 Bxg2 20. Rd1 Ra7 21. Rb3 Bxb4 22. axb4 Rg8 23. Rbd3 Rg7 24. Bh6 Rf7 25. Rd6 Re7 26. Bg5 Rf7 27. Rxe6+ Kf8 28. Bh6+ Kg8 29. Rg1 1-0

[Event "NOR-chT 0506"]
[Site "Norway"]
[Date "2005.11.05"]
[Round "1"]
[White "Andreassen, Pal M"]
[Black "Flaata, Alexander R"]
[Result "0-1"]
[WhiteElo "2108"]
[BlackElo "2080"]
[PlyCount "114"]
[EventDate "2005.11.01"]
[EventType "team"]
[EventRounds "2"]
[EventCountry "NOR"]
[SourceTitle "CBM 109 Extra"]
[Source "ChessBase"]
[SourceDate "2006.01.03"]
[SourceVersion "2"]
[SourceVersionDate "2006.01.03"]
[SourceQuality "1"]

1. e4 g6 2. d4 Bg7 3. Bc4 c6 4. Qf3 d5 5. exd5 Nf6 6. dxc6 Nxc6 7. c3 0-0 8. Bf4 e5 9. dxe5 Nxe5 10. Bxe5 Re8 11. Ne2 Rxe5 12. h3 Qc7 13. Nd2 Bd7 14. 0-0 Bc6 15. Qd3 Rd8 16. Nd4 Nd5 17. Nxc6 bxc6 18. Nf3 Nb6 19. Bxf7+ Kh8 20. Qc2 Qxf7 21. Nxe5 Bxe5 22. Rfd1 Rf8 23. Qe2 Qf4 24. g3 Qf5 25. Kg2 Nd5 26. Rd3 Qg5 27. Qg4 Qe7 28. Re1 Qc7 29. Qe6 Bg7 30. c4 Nf6 31. b3 Qa5 32. Re2 Qc5 33. Qd6 Qb6 34. Re6 Ne4 35. Qxf8+ Bxf8 36. Rxe4 Kg7 37. Rd7+ Kf6 38. Rxh7 Bd6 39. Rd7 c5 40. f4 Qc6 41. Rxd6+ Qxd6 42. Re2 a5 43. Kf3 Qd3+ 44. Kf2 a4 45. Re3 Qd2+ 46. Re2 Qd4+ 47. Re3 axb3 48. axb3 Qd1 49. g4 Qd2+ 50. Kf3 Qh2 51. Ke4 Qf2 52. g5+ Ke6 53. Rd3 Qg2+ 54. Rf3 Qh1 55. f5+ gxf5+ 56. Kf4 Kf7 57. Re3 Qc1 0-1

[Event "NOR-chT"]
[Site "Moss"]
[Date "2005.05.06"]
[Round "3"]
[White "Andreassen, Pal M"]
[Black "Robertsen, Thomas"]
[Result "1/2-1/2"]
[WhiteElo "2001"]
[BlackElo "2086"]
[PlyCount "82"]
[EventDate "2005.05.04"]
[EventType "team"]
[EventRounds "5"]
[EventCountry "NOR"]
[SourceTitle "EXT 2007"]
[Source "ChessBase"]
[SourceDate "2006.11.23"]
[SourceVersion "1"]
[SourceVersionDate "2006.11.23"]
[SourceQuality "1"]

1. e4 e5 2. Nf3 Nc6 3. d4 exd4 4. Nxd4 Nf6 5. Nxc6 bxc6 6. e5 Qe7 7. Qe2 Nd5 8. c4 Nb6 9. b3 Qh4 10. Bb2 Bb4+ 11. Nd2 a5 12. a3 Bxd2+ 13. Kxd2 Ba6 14. Rc1 Rb8 15. Rc2 0-0 16. g3 Qh6+ 17. Qe3 Qxe3+ 18. Kxe3 c5 19. Bd3 Rfe8 20. Kd2 Nc8 21. Bc3 Rxb3 22. Bxa5 Rxe5 23. Bxc7 Re7 24. Bf4 d5 25. Bf5 dxc4 26. Bxc8 c3+ 27. Rxc3 Re2+ 28. Kd1 Rxc3 29. Bxa6 Re6 30. Bc8 Re8 31. Bf5 Rxa3 32. Kd2 g6 33. Bc2 c4 34. Rb1 c3+ 35. Kd3 Rd8+ 36. Ke2 Re8+ 37. Be3 Ra2 38. Kd3 Rd8+ 39. Bd4 Rxd4+ 40. Kxd4 Rxc2 41. Rf1 h5 1/2-1/2